Blow up

La historia está basada en el relato de Julio Cortázar Las babas del diablo. En el relato la pequeña historia y su significado es completamente distinto al del film de Antonioni. Meses más tarde al estreno de la película el director confesó que necesitaría otra película para explicar el significado...

Full description

Bibliographic Details
Other Authors: Antonioni, Michelangelo 1912- (Conductor)
Format: DVD
Language:English
Published: Reino Unido: DVD Video, 1966
Subjects:

MARC

LEADER 00000cgm a2200000 a 4500
001 030427
003 UAHC_CL
005 20190722190735.0
008 071211s1966 xxk 000 u eng
952 |0 0  |1 0  |4 0  |6 DVD_175  |7 0  |8 COMP  |9 59497  |a BS  |b BS  |c Referencia  |d 2017-08-03  |l 2  |o DVD-175  |p 1376531  |r 2026-03-12 10:03:44  |s 2026-03-09  |t c.1  |w 2017-08-03  |y DVD 
952 |0 0  |1 0  |4 0  |6 DVD_175  |7 0  |8 COMP  |9 59498  |a BC  |b BC  |c Referencia  |d 2017-08-03  |l 4  |m 1  |o DVD-175  |p 1376564  |r 2024-12-11 14:50:22  |s 2024-09-25  |t c.1  |w 2017-08-03  |y DVD 
999 |c 30427  |d 30427 
040 |a UAHC_CL  |c UAHC_CL  |d UAHC_CL 
245 1 0 |a Blow up   |c Michelangelo Antonioni. 
260 |a Reino Unido:  |b DVD Video,  |c 1966 
300 |a 1 videodisco (111 min.) 
520 |a La historia está basada en el relato de Julio Cortázar Las babas del diablo. En el relato la pequeña historia y su significado es completamente distinto al del film de Antonioni. Meses más tarde al estreno de la película el director confesó que necesitaría otra película para explicar el significado de la misma. 
650 0 |a Cine  |9 3106 
700 |a Antonioni, Michelangelo  |e dir.  |9 8255  |d 1912- 
900 |a DVD-175 
942 |c DVD  |2 ddc